000 01128cam a2200361 a 4500
001 2403
003 FISKH
005 20231205114240.0
008 000811s2001 nyu d 000 1 eng
010 _a 00063683
020 _a0399236201
020 _a9780439390927
040 _aDLC
_cDLC
_dDLC
_beng
042 _alcac
050 0 0 _aPZ7.H7875
_bSt 2001
082 0 0 _a[Fic]
_221
100 1 _aHorowitz, Anthony,
_d1955-
245 1 0 _aStormbreaker /
_cAnthony Horowitz.
250 _aFirst Scholastic printing, February 2002
260 _aNew York :
_bScholastic,
_c2000
300 _a192 pages;
_c20 cm
490 _aAlex Rider
505 _aQ
520 _aAfter the death of the uncle who had been his guardian, fourteen-year-old Alex Rider is coerced to continue his uncle's dangerous work for Britain's intelligence agency, MI6.
521 8 _a670
_bLexile
521 8 _aQ
_bRaz-Plus
650 1 _aSpies
_vFiction.
650 1 _aTerrorism
_vFiction.
650 1 _aOrphans
_vFiction.
651 1 _aEngland
_vFiction.
906 _a7
_bcbc
_corignew
_d1
_eocip
_f20
_gy-gencatlg
942 _2ddc
_cBK
_n0
999 _c2403
_d2403